000 00456nam a22001817a 4500
003 NUST - PNEC
005 20170116181031.0
008 150803b xxu||||| |||| 00| 0 eng d
020 _a0471388793
040 _cLIBRARY
082 _a519.502462 MON
100 _94778
_a Montgomery, Douglas C
245 _aEngineering statistics
_cDouglas C. Montgomery
250 _a2nd ed.
260 _cc.2001
650 _94780
_aStatistics
_xME
942 _2ddc
_cBK
999 _c67743
_d67743